Central Library OPAC University of Rajshahi

Letters of William Wordsworth / (Record no. 63567)

MARC details
000 -LEADER
fixed length control field 00775nam a2200241 a 4500
001 - CONTROL NUMBER
control field 63567
003 - CONTROL NUMBER IDENTIFIER
rucl marc code BD-RjUL
005 - DATE AND TIME OF LATEST TRANSACTION
control field 20211209081218.0
008 - FIXED-LENGTH DATA ELEMENTS--GENERAL INFORMATION
fixed length control field 170131s1954 enk b 000 0aeng d
035 ## - SYSTEM CONTROL NUMBER
System control number (BD-RjUL)
040 ## - CATALOGING SOURCE
Original cataloging agency BD-RjUL
Transcribing agency BD-RjUL
Language of cataloging eng
041 ## - LANGUAGE CODE
Language code of text/sound track or separate title eng
082 ## - DEWEY DECIMAL CLASSIFICATION NUMBER
Edition number 23
Classification number 821
Author mark and year WOL 1954
100 1# - MAIN ENTRY--PERSONAL NAME
Personal name Wordsworth, William
Dates associated with a name 1770-1850.
9 (RLIN) 186715
245 00 - TITLE STATEMENT
Title Letters of William Wordsworth /
Statement of responsibility, etc. selected and with an introd. by Philip Wayne.
260 ## - PUBLICATION, DISTRIBUTION, ETC. (IMPRINT)
Place of publication, distribution, etc. New York :
Name of publisher, distributor, etc. Oxford University Press,
Date of publication, distribution, etc. [1954].
300 ## - PHYSICAL DESCRIPTION
Pagination xxiv, 295 p. ;
Size 16 cm.
600 10 - SUBJECT ADDED ENTRY--PERSONAL NAME
Personal name Wordsworth, William,
Dates associated with a name 1770-1850
General subdivision Correspondence.
650 ## - SUBJECT ADDED ENTRY--TOPICAL TERM
Topical term or geographic name as entry element Poets, English
9 (RLIN) 188949
700 1# - ADDED ENTRY--PERSONAL NAME
Personal name Wayne, Philip,
Relator term ed.
942 ## - ADDED ENTRY ELEMENTS (KOHA)
Source of classification or shelving scheme Dewey Decimal Classification
Koha item type Books
Holdings
Lost status Source of classification or shelving scheme Damaged status Not for loan Collection code Permanent Location Current Location Shelving location Date acquired Source of acquisition Cost, normal purchase price Total Checkouts Full call number Date last seen Copy number Koha item type
  Dewey Decimal Classification   Not For Loan Fiction Central Library, University of Rajshahi Central Library, University of Rajshahi Reading Room 25/10/1954 O.U.P. 2.13   821 WOL 1954 31/01/2017 C-1 Books